00334cam a22001097a 4500008004000000082001500040245008500055260002700140300001000167650003000177700001700207180718b1979 xxu||||| |||| 00| 0 eng d aDx54 P886i aIndia's foreign policy: studies in continuity and changecedited by Bimal Prasad aNew DelhibVikasc1979 a540p. aIndia - Foreign relations aBimal Prasad